| 000 | 00337nam a2200109Ia 4500 | ||
|---|---|---|---|
| 008 | 171211s9999 xx 000 0 und d | ||
| 245 | _aRealty Check: Real Estate Secrets for First-Time Canadian Home Buyers | ||
| 245 | _cSandra Rinomato | ||
| 260 | _c2008 | ||
| 650 | _xBUSINESS | ||
| 856 | _uhttp://down.ebook777.com/062/9780470157602.pdf | ||
| 999 |
_c349497 _d349497 |
||